Distinguishing characteristics of classic stamps (Record no. 1690)

000 -LEADER
fixed length control field 00538nam a22000977a 4500
008 - FIXED-LENGTH DATA ELEMENTS--GENERAL INFORMATION
fixed length control field 150810b xxu||||| |||| 00| 0 ger d
100 ## - MAIN ENTRY--AUTHOR'S NAME
Author's Name Schloss, Hermann
245 ## - TITLE STATEMENT
Title Distinguishing characteristics of classic stamps
Remainder of title description of reprints, postal forgeries, differences of types, watermarks, papers, colors, separations, gum, etc. [
260 ## - PUBLICATION, DISTRIBUTION, ETC. (IMPRINT)
Place of publication, distribution, etc. New York
Name of publisher, distributor, etc. H.L. Lindquist
Date of publication, distribution, etc. 1948
650 ## - TOPICAL TERM (Tag)
Topical term or geographic name Germany | German States | 19th Century | Classic Issues | Forgeries and Counterfeits | Reissues and Reprints | Production | Collecting | Identification
Holdings
Withdrawn status Lost status Source of classification or shelving scheme Damaged status Koha normalized classification for sorting Not for loan Permanent Location Current Location Date acquired Total Checkouts Full call number Barcode Date last seen Copy number Price effective from Koha item type
        G6081 C614 S345   Northern Philatelic Library Northern Philatelic Library 08/10/2015   G6081 .C614 S345 1001960 08/10/2015 1 08/10/2015 Books

Powered by Koha